Royal Capital of Malaysian States - Statistics

General Stats
  • This quiz has been taken 55 times
  • The average score is 6 of 9
Answer Stats
State Royal Capital City % Correct
Perak Kuala Kangsar
78%
Johor Muar
78%
Perlis Arau
71%
Selangor Klang
71%
Pahang Pekan
71%
Terengganu Kuala Terengganu
68%
Kedah Anak Bukit
54%
Negeri Sembilan Seri Menanti
54%
Kelantan Kubang Kerian
39%
No matching quizzes found
Score Distribution
Percent of People with Each Score
Percentile by Number Answered
Your Score History
You have not taken this quiz